000 00829nmc a2200289 a 4500
003 AR-BaBNM
005 20251128203333.0
008 011101s1974 ||||||||||||||000 | spa||
040 _cAR-BaBNM
100 1 _aZúgaro, Roberto E.
245 1 0 _aEl tratamiento de la ortografía en la escuela primaria
250 _a1ª ed.
260 _aBuenos Aires
_bKapelusz
_c1974
300 0 _a47 p.
490 0 _aCuaderno pedagógico
_vv. 30
500 0 _aContiene referencias bibliográficas
650 4 _aENSENANZA DE LA ORTOGRAFIA
650 4 _aOBJETIVOS EDUCACIONALES
650 4 _aJUEGOS EDUCATIVOS
650 4 _aACTIVIDADES DE APRENDIZAJE
650 4 _aMATERIAL DIDACTICO
650 4 _aAUXILIARES AUDIOVISUALES
653 0 _aENSENANZA DE LA LENGUA
653 0 _aEDUCACION PRIMARIA
942 _cBK
998 _cCarmen
999 _c2961
_d2961